| 000 | 00389nam a2200133 4500 | ||
|---|---|---|---|
| 008 | 020307s1931 enk engYA | ||
| 090 |
_aBT210.2 _bH15p |
||
| 100 | 1 | _aHallesby, O. | |
| 245 | 1 | 0 |
_aPrayer / _cO. Hallesby. |
| 260 |
_aMinnesota : _bAugsburg, _cc1931, 1968. |
||
| 300 | _avii, 143 p. | ||
| 650 | 4 | _aPrayer. | |
| 951 |
_p5694 _x00008346 _oBT210.2/H15p-3 _j070613111052500 _d2000-12-21 _cGC |
||
| 999 |
_c7995 _d7995 |
||